Las Ciencias de la Eduación en Colombia 1926-1954 Entre universalismo y particularismo cultural.

में बचाया:
ग्रंथसूची विवरण
मुख्य लेखक: Ríos Beltrán, Rafael
स्वरूप: पुस्तक
भाषा:Spanish
प्रकाशित: Bogotá (Colombia): Cooperativa Editorial Magisterio, 2008
श्रृंखला:Colección Pedagogía e Historia
विषय:
ऑनलाइन पहुंच:Enlace del recurso
टैग : टैग जोड़ें
कोई टैग नहीं, इस रिकॉर्ड को टैग करने वाले पहले व्यक्ति बनें!

MARC

LEADER 00000nam a22000007a 4500
003 OSt
005 20170727151835.0
008 170724b2008 ck ||||| |||| 00| 0 spa d
020 |a 9789582009434 
020 |a 9582007001 
040 |c CNA-IDEP 
082 |a 371.102  |b R586 
100 |a Ríos Beltrán, Rafael  |9 2314 
245 1 4 |a Las Ciencias de la Eduación en Colombia 1926-1954  |b Entre universalismo y particularismo cultural.  |c  Rafael Ríos Beltrán 
260 |a Bogotá (Colombia):  |b Cooperativa Editorial Magisterio,  |c 2008 
300 |a 321 p. 
440 |a Colección Pedagogía e Historia  |n 12  |9 2527 
504 |a Incluye Bibliografía 
650 |a Educación  |x Historia  |y 1926-1854  |z Colombia   |9 2587 
650 |a Educación pública  |x Historia  |z Colombia   |9 2219 
942 |2 ddc  |c BK 
999 |c 5165  |d 5165 
856 |u https://catalogo.idep.edu.co/cgi-bin/koha/opac-detail.pl?biblionumber=5165  |z Enlace del recurso